Ice Cube - Lethal Injection tracklist - Statistics

General Stats
  • This quiz has been taken 31 times
  • The average score is 6 of 12
Answer Stats
# Answer % Correct
3. Ghetto Bird
92%
6. Bop Gun (One Nation)
75%
4. You Know How We Do It
75%
2. Really Doe
67%
7. What Can I Do?
50%
10. Down for Whatever
42%
11. Enemy
42%
8. Lil Ass Gee
42%
1. The Shot (Intro)
42%
12. When I Get to Heaven
33%
5. Cave B*tch
25%
9. Make It Ruff, Make It Smooth
25%
No matching quizzes found
Score Distribution
Percent of People with Each Score
Percentile by Number Answered
Your Score History
You have not taken this quiz